LEADER 01009nam0 22002891i 450 001 RML0289145 005 20231121125734.0 010 $a0470022981 100 $a20121121d2005 ||||0itac50 ba 101 | $aeng 102 $aus 181 1$6z01$ai $bxxxe 182 1$6z01$an 200 1 $aStatistics$ean introduction using R$fMichael J. Crawley 210 $aHoboken $cJohn Wiley & Sons $d2005 215 $aXIII, 327 p.$cgraf.$d24 cm. 606 $aStatistica$2FIR$3RMLC005423$9I 676 $a519.5$9$v20 700 1$aCrawley$b, Michael J.$3RMLV186899$063288 801 3$aIT$bIT-01$c20121121 850 $aIT-FR0098 899 $aBiblioteca Area Giuridico Economica$bFR0098 912 $aRML0289145 950 0$aBiblioteca Area Giuridico Economica$d 53TER 519.5/37$e 53VM 0000585685 VM barcode:ECO012344. - Inventario:6831. - Fondo:Sala consultazioneVM$fA $h20051213$i20121204 977 $a 53 996 $aStatistics$9804826 997 $aUNICAS